000 00728nam a22001937a 4500
999 _c181467
_d181467
005 20210915124817.0
010 _aUR-11234
020 _c400.00
_a9789390533725
035 _aU-9789
037 _bDBAD/PUB
082 _a840.92
100 _aا حتشا م ا لحق آ فا قی
245 _aقصہ شب و رو ز (مشر ف عا لم ذ و قی کے ا د بی خا کے )
_cا حتشا م ا لحق آ فا قی
246 _aQissa-e-Shab-o-Roz (Urdu)
_bby Ahtasham Ul Haq Afauqui
260 _aN.Delhi
_c2020 ء
_bEducational Publishing House
270 _a3191, Vakil Street, Kucha Pandit Lal Kuan,
_b Delhi
_e110006
_l -
300 _a388 ص
_c22 Cm(Hb)
942 _2ddc
_cUR
_h840.92
_mا ح ت